000 00743nam a2200265Ia 4500
005 20260121142419.0
008 008 260114s9999 xx 000 0 eng d
020 _a9789354391880
037 _aEBOOK
040 _aCRL
040 _beng
040 _cCRL
041 _2eng
041 _aeng
084 _qCRL
100 _aM.S. Sridhar
_9996193
245 0 _aProblems of Collection Development in Special Libraries (Concepts in Communication Informatics and Librarianship-35)
260 _bConcept Publishing Company Pvt. Ltd.
260 _bToday and Tomorrow
260 _c1992
856 _uhttps://asapglobe.com/Search.aspx?q=8170224284&type=keyword
942 _cEBOOK
999 _c1563402
_d1563402